000 00549nam a2200193 a 4500
001 1771067063485
003 YourLibrary
005 20260214163805.0
008 260214s2006##################000#0#eng##
020 _a9781843103394
082 0 4 _a306.7087
_bBAL
100 1 _aBalen, Rachel,
_eauthor.
245 1 0 _aSexuality and Fertility Issues in Ill Health and Disability :
260 _bJessica Kingsley Publishers,
_c2006.
300 _a306 pages
650 0 _aHealth & Fitness.
942 _cENGLISH
040 _aYourLibrary
_beng
_cYourLibrary
999 _c612531
_d612531